Nagy magyar helyesírási szótár
Elmentve itt :
| Szerző: | |
|---|---|
| Dokumentumtípus: | Cikk |
| Megjelent: |
2003
|
| Sorozat: | Iskolakultúra
13 No. 6-7 |
| Online Access: | http://misc.bibl.u-szeged.hu/39672 |
| LEADER | 00563nab a2200169 i 4500 | ||
|---|---|---|---|
| 001 | misc39672 | ||
| 005 | 20191106140809.0 | ||
| 008 | 180709s2003 hu o 0|| zxx d | ||
| 022 | |a 1215-5233 | ||
| 040 | |a SZTE Miscellanea Repozitórium |b hun | ||
| 041 | |a zxx | ||
| 100 | 1 | |a Bérces Emese | |
| 245 | 1 | 0 | |a Nagy magyar helyesírási szótár |h [elektronikus dokumentum] / |c Bérces Emese |
| 260 | |c 2003 | ||
| 300 | |a 145-149 | ||
| 490 | 0 | |a Iskolakultúra |v 13 No. 6-7 | |
| 856 | 4 | 0 | |u http://misc.bibl.u-szeged.hu/39672/1/EPA00011_iskolakultura_2003_06_07_145-149.pdf |z Dokumentum-elérés |